000 00629nam a22002297a 4500
001 2713
003 BD-RjUL
005 20211208233614.0
008 131215s1964 xxu||||| |||| 00| 0 eng d
035 _a(BD-RjUL)2740
040 _aBD-RjUL
_beng
_cBD-RjUL
_dBD-RjUL
041 _aeng
082 0 4 _221
_a330
_bDRA 1964
100 1 _a Drohan, N. T.
_98716
245 1 _aAustralian economic framework /
_cN. T. Drohan and J. H. Day.
260 _aAustralian :
_bCassell ,
_c1964.
300 _aix, 250 p. :
_bill. ;
_c24 cm.
504 _aIncludes index.
650 7 _aeconomic
_98717
700 1 _aDay, J. H.
_98718
942 _2ddc
_cBK
999 _c2713
_d2713